000
00319nam a22001457a 4500
008
210526b ||||| |||| 00| 0 eng d
020
_a
0845102168
041
_a
eng
080
_a
618
082
_a
618
100
_a
10
101
_a
GJIN
245
_a
Cardiac Problems in Pregnancy
_c
Uri Elkayam
942
_2
udc
_c
BK
999
_c
57622
_d
57622